NBA All-Stars by Team 2000–2026 - Statistics

General Stats
  • This quiz has been taken 51,886 times
    10,837 since last reset
  • The average score is 162 of 249
Answer Stats
TEAM SEASON POS PLAYER % Correct
Cleveland Cavaliers 2005–2010, 2015–2018 SF LeBron James
95%
Los Angeles Lakers 2019–2026 SF LeBron James
95%
Miami Heat 2011–2014 SF LeBron James
95%
Milwaukee Bucks 2017–2026 PF Giannis Antetokounmpo
94%
Golden State Warriors 2014–2019, 2021–2026 PG Stephen Curry
91%
Atlanta Hawks 2020, 2022, 2024, 2025 PG Trae Young
91%
Brooklyn Nets 2021, 2022 SG James Harden
90%
Houston Rockets 2013–2020 SG James Harden
90%
Los Angeles Clippers 2025 PG James Harden
90%
Boston Celtics 2020–2025 PF Jayson Tatum
90%
Milwaukee Bucks 2024, 2025 PG Damian Lillard
89%
Portland Trail Blazers 2014, 2015, 2018–2021, 2023 PG Damian Lillard
89%
Boston Celtics 2021, 2023-2026 SF Jaylen Brown
89%
Brooklyn Nets 2021–2023 SF Kevin Durant
89%
Golden State Warriors 2017-2019 SF Kevin Durant
89%
Houston Rockets 2026 SF Kevin Durant
89%
Oklahoma City Thunder 2010–2016 SF Kevin Durant
89%
Phoenix Suns 2024, 2025 PF Kevin Durant
89%
Boston Celtics 2018, 2019 PG Kyrie Irving
89%
Brooklyn Nets 2021, 2023 PG Kyrie Irving
89%
Cleveland Cavaliers 2013-2015, 2017 PG Kyrie Irving
89%
Dallas Mavericks 2025 PG Kyrie Irving
89%
Dallas Mavericks 2020-2024 PG Luka Dončić
89%
Los Angeles Lakers 2026 PG Luka Dončić
89%
Los Angeles Lakers 2000–2016 SG Kobe Bryant
88%
Denver Nuggets 2019–2026 C Nikola Jokić
88%
Los Angeles Lakers 2000–2004 C Shaquille O'Neal
88%
Miami Heat 2005–2007 C Shaquille O'Neal
88%
Phoenix Suns 2009 C Shaquille O'Neal
88%
Los Angeles Lakers 2020, 2021, 2024, 2025 FC Anthony Davis
87%
New Orleans Pelicans 2014–2019 FC Anthony Davis
87%
Los Angeles Clippers 2012–2016 PG Chris Paul
87%
New Orleans Hornets 2008–2011 PG Chris Paul
87%
Oklahoma City Thunder 2020 PG Chris Paul
87%
Phoenix Suns 2021, 2022 PG Chris Paul
87%
Detroit Pistons 2026 C Jalen Duren
87%
Minnesota Timberwolves 2023-2026 SG Anthony Edwards
86%
Oklahoma City Thunder 2023-2026 PG Shai Gilgeous-Alexander
86%
Charlotte Hornets 2002 PG Baron Davis
85%
New Orleans Hornets 2004 PG Baron Davis
85%
Golden State Warriors 2016–2018, 2022 PF Draymond Green
85%
Minnesota Timberwolves 2018, 2019, 2022, 2024 C Karl-Anthony Towns
85%
New York Knicks 2025, 2026 C Karl-Anthony Towns
85%
Golden State Warriors 2015–2019 SG Klay Thompson
85%
Toronto Raptors 2001 C Antonio Davis
84%
Indiana Pacers 2000 PF Dale Davis
84%
New Orleans Hornets 2008, 2009 PF David West
84%
Dallas Mavericks 2002–2012, 2014, 2015, 2018, 2019 PF Dirk Nowitzki
84%
Philadelphia 76ers 2018–2024 C Joel Embiid
84%
Los Angeles Clippers 2020, 2021, 2024, 2026 SF Kawhi Leonard
84%
San Antonio Spurs 2016, 2017 SF Kawhi Leonard
84%
Toronto Raptors 2019 SF Kawhi Leonard
84%
Boston Celtics 2008–2011, 2013 PF Kevin Garnett
84%
Minnesota Timberwolves 2000–2007 PF Kevin Garnett
84%
Houston Rockets 2020 PG Russell Westbrook
84%
Oklahoma City Thunder 2011–2013, 2015–2019 PG Russell Westbrook
84%
Denver Nuggets 2007, 2008, 2010, 2011 F Carmelo Anthony
83%
New York Knicks 2012–2017 F Carmelo Anthony
83%
Miami Heat 2005–2016, 2018, 2019 SG Dwyane Wade
83%
Cleveland Cavaliers 2023-2026 SG Donovan Mitchell
82%
Utah Jazz 2020–2022 SG Donovan Mitchell
82%
Cleveland Cavaliers 2022 C Jarrett Allen
82%
Boston Celtics 2008, 2009, 2011 SG Ray Allen
82%
Milwaukee Bucks 2000–2002 SG Ray Allen
82%
Seattle SuperSonics 2004–2007 SG Ray Allen
82%
San Antonio Spurs 2025, 2026 C Victor Wembanyama
82%
New York Knicks 2024-2026 PG Jalen Brunson
81%
Oklahoma City Thunder 2025 PF Jalen Williams
81%
Washington Wizards 2002, 2003 SG Michael Jordan
81%
San Antonio Spurs 2000–2011, 2013, 2015 PF Tim Duncan
81%
Los Angeles Clippers 2017 C DeAndre Jordan
80%
Phoenix Suns 2020–2022, 2024, 2026 SG Devin Booker
80%
Denver Nuggets 2026 PG Jamal Murray
80%
Chicago Bulls 2015–2017 SF Jimmy Butler
80%
Miami Heat 2020, 2022 SF Jimmy Butler
80%
Minnesota Timberwolves 2018 SG Jimmy Butler
80%
Charlotte Hornets 2022 PG LaMelo Ball
80%
Indiana Pacers 2013, 2014, 2016, 2017 SF Paul George
80%
Los Angeles Clippers 2021, 2023, 2024 SF Paul George
80%
Oklahoma City Thunder 2018, 2019 SF Paul George
80%
Indiana Pacers 2023, 2024 PG Tyrese Haliburton
80%
New Jersey Nets 2012 PG Deron Williams
79%
Utah Jazz 2010, 2011 PG Deron Williams
79%
Atlanta Hawks 2026 PF Jalen Johnson
79%
Memphis Grizzlies 2022, 2023 PG Ja Morant
79%
Cleveland Cavaliers 2009 PG Mo Williams
79%
San Antonio Spurs 2022 PG Dejounte Murray
78%
Chicago Bulls 2010–2012 PG Derrick Rose
78%
Washington Wizards 2014–2018 PG John Wall
78%
Memphis Grizzlies 2012, 2015, 2017 C Marc Gasol
78%
Chicago Bulls 2015, 2016 FC Pau Gasol
78%
Los Angeles Lakers 2009–2011 FC Pau Gasol
78%
Memphis Grizzlies 2006 FC Pau Gasol
78%
Dallas Mavericks 2002, 2003 PG Steve Nash
78%
Phoenix Suns 2005–2008, 2010, 2012 PG Steve Nash
78%
Washington Wizards 2007, 2008 SF Caron Butler
77%
Dallas Mavericks 2010 PG Jason Kidd
77%
New Jersey Nets 2002–2004, 2007, 2008 PG Jason Kidd
77%
Phoenix Suns 2000, 2001 PG Jason Kidd
77%
Detroit Pistons 2025, 2026 PG Cade Cunningham
76%
Chicago Bulls 2022, 2023 SF DeMar DeRozan
76%
Toronto Raptors 2014, 2016–2018 SF DeMar DeRozan
76%
Houston Rockets 2014 C Dwight Howard
76%
Los Angeles Lakers 2013 C Dwight Howard
76%
Orlando Magic 2007–2012 C Dwight Howard
76%
Boston Celtics 2002–2006, 2008–2012 SF Paul Pierce
76%
San Antonio Spurs 2006, 2007, 2009, 2012–2014 PG Tony Parker
76%
Miami Heat 2011–2016 PF Chris Bosh
75%
Toronto Raptors 2006–2010 PF Chris Bosh
75%
Atlanta Hawks 2007–2012 SG Joe Johnson
75%
Brooklyn Nets 2014 SG Joe Johnson
75%
Philadelphia 76ers 2024, 2026 PG Tyrese Maxey
75%
New Orleans Pelicans 2021, 2023 PF Zion Williamson
75%
Denver Nuggets 2007, 2008 SG Allen Iverson
74%
Detroit Pistons 2009 SG Allen Iverson
74%
Philadelphia 76ers 2000–2006, 2010 SG Allen Iverson
74%
Detroit Pistons 2019 PF Blake Griffin
74%
Los Angeles Clippers 2011–2015 PF Blake Griffin
74%
Cleveland Cavaliers 2017, 2018 PF Kevin Love
74%
Minnesota Timberwolves 2011, 2012, 2014 FC Kevin Love
74%
Milwaukee Bucks 2019, 2020, 2022 SF Khris Middleton
74%
Indiana Pacers 2025, 2026 PF Pascal Siakam
74%
Toronto Raptors 2020, 2023 PF Pascal Siakam
74%
Memphis Grizzlies 2023, 2025 PF Jaren Jackson Jr.
73%
Dallas Mavericks 2007 SF Josh Howard
73%
Utah Jazz 2020–2022 C Rudy Gobert
73%
Miami Heat 2020, 2023, 2024 C Bam Adebayo
72%
Sacramento Kings 2023 PG De'Aaron Fox
72%
Milwaukee Bucks 2023 PG Jrue Holiday
72%
Philadelphia 76ers 2013 G Jrue Holiday
72%
San Antonio Spurs 2005, 2011 SG Manu Ginobili
72%
Orlando Magic 2024 PF Paolo Banchero
72%
Oklahoma City Thunder 2026 FC Chet Holmgren
71%
Boston Celtics 2016, 2017 PG Isaiah Thomas
71%
Boston Celtics 2020 PG Kemba Walker
71%
Charlotte Hornets 2017–2019 PG Kemba Walker
71%
Miami Heat 2025 SG Tyler Herro
70%
Indiana Pacers 2020, 2021 PF Domantas Sabonis
69%
Sacramento Kings 2023 C Domantas Sabonis
69%
Chicago Bulls 2021, 2022 SG Zach LaVine
69%
Boston Celtics 2002, 2003 F Antoine Walker
68%
San Antonio Spurs 2000, 2001 C David Robinson
68%
Washington Wizards 2018, 2019, 2021 SG Bradley Beal
67%
Cleveland Cavaliers 2022, 2025 PG Darius Garland
67%
Cleveland Cavaliers 2025 PF Evan Mobley
67%
Milwaukee Bucks 2000, 2001 SF Glenn Robinson
67%
Toronto Raptors 2015–2020 PG Kyle Lowry
67%
Toronto Raptors 2024, 2026 PF Scottie Barnes
67%
New Jersey Nets 2005–2007 SF Vince Carter
67%
Toronto Raptors 2000-2004 SF Vince Carter
67%
Detroit Pistons 2003–2006 C Ben Wallace
66%
Detroit Pistons 2006, 2008 PF Rasheed Wallace
66%
Portland Trail Blazers 2000, 2001 FC Rasheed Wallace
66%
Houston Rockets 2025, 2026 C Alperen Sengun
65%
Golden State Warriors 2022 SF Andrew Wiggins
65%
Charlotte Bobcats 2010 SF Gerald Wallace
65%
Atlanta Hawks 2010, 2011, 2015, 2016 C Al Horford
64%
Boston Celtics 2018 FC Al Horford
64%
New Orleans Pelicans 2020 SF Brandon Ingram
64%
Toronto Raptors 2026 SF Brandon Ingram
64%
New Orleans Pelicans 2018 C DeMarcus Cousins
64%
Sacramento Kings 2015–2017 C DeMarcus Cousins
64%
Utah Jazz 2023 PF Lauri Markkanen
64%
Boston Celtics 2010-2013 PG Rajon Rondo
64%
Houston Rockets 2005–2007 SG Tracy McGrady
63%
Orlando Magic 2001–2004 SG Tracy McGrady
63%
Indiana Pacers 2002–2007 C Jermaine O'Neal
61%
Chicago Bulls 2013, 2014 C Joakim Noah
61%
New York Knicks 2021, 2023, 2024 PF Julius Randle
61%
Indiana Pacers 2000 SG Reggie Miller
61%
Indiana Pacers 2003 C Brad Miller
60%
Sacramento Kings 2004 C Brad Miller
60%
Houston Rockets 2003–2009, 2011 C Yao Ming
60%
Philadelphia 76ers 2019–2021 PG Ben Simmons
59%
Utah Jazz 2000–2002 PF Karl Malone
59%
Brooklyn Nets 2013 C Brook Lopez
58%
Denver Nuggets 2009, 2010 PG Chauncey Billups
57%
Detroit Pistons 2006–2008 PG Chauncey Billups
57%
Portland Trail Blazers 2012–2015 PF LaMarcus Aldridge
57%
San Antonio Spurs 2016, 2018, 2019 PF LaMarcus Aldridge
57%
New York Knicks 2011 C Amar'e Stoudemire
56%
Phoenix Suns 2005, 2007–2010 C Amar'e Stoudemire
56%
Seattle SuperSonics 2000–2003 PG Gary Payton
56%
Utah Jazz 2000 PG John Stockton
54%
Portland Trail Blazers 2026 SF Deni Avdija
53%
Philadelphia 76ers 2012 SF Andre Iguodala
51%
New York Knicks 2018 PF Kristaps Porzingis
51%
Utah Jazz 2021 PG Mike Conley
51%
Orlando Magic 2019, 2021 C Nikola Vučević
51%
Miami Heat 2000–2002 C Alonzo Mourning
50%
Detroit Pistons 2016, 2018 C Andre Drummond
50%
Toronto Raptors 2022 PG Fred VanVleet
49%
Atlanta Hawks 2000, 2001 C Dikembe Mutombo
48%
Philadelphia 76ers 2002 C Dikembe Mutombo
48%
Atlanta Hawks 2015 SF Kyle Korver
48%
Brooklyn Nets 2019 PG D'Angelo Russell
47%
Memphis Grizzlies 2010, 2013 PF Zach Randolph
47%
Miami Heat 2026 SG Norman Powell
46%
Sacramento Kings 2000–2003 PF Chris Webber
45%
Indiana Pacers 2018, 2019 SG Victor Oladipo
45%
Atlanta Hawks 2015 PG Jeff Teague
44%
Cleveland Cavaliers 2003, 2005 C Zydrunas Ilgauskas
43%
Atlanta Hawks 2014–2017 PF Paul Millsap
42%
Detroit Pistons 2006–2008 SG Richard Hamilton
41%
Portland Trail Blazers 2008–2010 SG Brandon Roy
39%
Washington Wizards 2005–2007 PG Gilbert Arenas
39%
New York Knicks 2013 C Tyson Chandler
38%
Phoenix Suns 2003, 2005–2007 SF Shawn Marion
37%
Los Angeles Lakers 2012 C Andrew Bynum
36%
Utah Jazz 2017 SF Gordon Hayward
35%
Indiana Pacers 2012, 2014 C Roy Hibbert
35%
Golden State Warriors 2013 PF David Lee
34%
New York Knicks 2010 PF David Lee
34%
Detroit Pistons 2000 SF Grant Hill
34%
Orlando Magic 2001, 2005 SF Grant Hill
34%
Chicago Bulls 2012, 2013 SF Luol Deng
34%
Sacramento Kings 2002–2004 SF Peja Stojaković
34%
Milwaukee Bucks 2004 SG Michael Redd
33%
Indiana Pacers 2004 SF Ron Artest
33%
Utah Jazz 2007, 2008 PF Carlos Boozer
31%
Miami Heat 2018 PG Goran Dragić
31%
Sacramento Kings 2001 C Vlade Divac
30%
Indiana Pacers 2009 SF Danny Granger
26%
New Jersey Nets 2009 SG Devin Harris
26%
Los Angeles Clippers 2002, 2006 PF Elton Brand
26%
Utah Jazz 2004 PF Andrei Kirilenko
25%
Minnesota Timberwolves 2004 PG Sam Cassell
25%
Houston Rockets 2002–2004 PG Steve Francis
25%
Orlando Magic 2009 PG Jameer Nelson
24%
New Jersey Nets 2004 PF Kenyon Martin
23%
New Jersey Nets 2001 PG Stephon Marbury
23%
Phoenix Suns 2003 PG Stephon Marbury
23%
Charlotte Hornets 2000 SG Eddie Jones
22%
Orlando Magic 2009 F Rashard Lewis
22%
Seattle SuperSonics 2005 F Rashard Lewis
22%
New York Knicks 2001 SG Latrell Sprewell
21%
Los Angeles Clippers 2010 C Chris Kaman
18%
New York Knicks 2000, 2001 SG Allan Houston
17%
Washington Wizards 2005, 2008 F Antawn Jamison
17%
Dallas Mavericks 2000, 2001 SF Michael Finley
17%
Detroit Pistons 2000, 2001 SF Jerry Stackhouse
15%
Minnesota Timberwolves 2002 SF Wally Szczerbiak
15%
New Orleans Hornets 2003 SF Jamal Mashburn
11%
Utah Jazz 2007 C Mehmet Okur
11%
Atlanta Hawks 2002 F Shareef Abdur-Rahim
10%
Denver Nuggets 2001 PF Antonio McDyess
8%
Miami Heat 2001 PF Anthony Mason
7%
New Orleans Hornets 2004 C Jamaal Magloire
7%
Philadelphia 76ers 2001 C Theo Ratliff
7%
No matching quizzes found
Score Distribution
Percent of People with Each Score
Percentile by Number Answered
Your Score History
You have not taken this quiz since the last reset